000 00326 a2200133 4500
000 nam a22 7a 4500
100 _aShivansu
110 _aShivansu
245 _aIntroduction to room division
250 _aLatest edition
260 _bShubham Publication
_c2024
264 _bShubham Publication
_c2024
942 _cBK
999 _c395671
_d395671